000 00702nam a22001817a 4500
003 CEME
005 20210628203219.0
008 210121b xxu||||| |||| 00| 0 eng d
020 _a0-471-48385-0
040 _c.
082 _a956.70443 MOO
100 _aMoore. James
_964015
245 _aBush's war for reelection, iraq, the white house and the people
260 _aNEW YORK
_bJOHN WILEY
_c2004
300 _aXVII,382 P
650 _aUNITED STATES - POLITICS AND GOVERNMENT- 2001, BUSH, GEORGE W (GEORGE WALKER ), 1946 ETHIC, POLITICAL CORRUPTION - UNITED STATES, IRAQ WAR 2003 CAUSES, POLITICAL AND WAR - CASE STUDIES, IRAQ WAR 2003- BIOGRAPHY.BUSH WAR FOR REELECTION
_964016
942 _cBK
_2ddc
999 _c572668
_d572668